000 00790nam a2200205 a 4500
001 000036741
005 20200930075917.0
008 120127s1888 mx a 000 0 spa d
040 _aDO-SdBNP
_bspa
_cBNPHU
245 0 0 _aTratado de enfermería geriátrica /
_cdirigido por Doris L. Carnevali, Maxine Patrick con 26 colaboradores ; traducción José Pérez Gómez, Antonio Garst Thalheimer.
250 _a2. ed.
260 _aMéxico :
_bInteramericana,
_c1888.
300 _axv, 755 p. :
_bil. ;
_c26 cm.
504 _aIncluye bibliografía e índice
650 2 4 _aEnfermería geriátrica
_963061
650 2 4 _aEnfermería (supervisión)
_963062
700 1 _aCarnevali, Doris L.,
_edir.
_963063
700 1 _aPatrick, Maxine,
_edir.
_963064
700 1 _aPérez Gómez, José,
_etrad.
_963065
999 _c36232
_d36232